Guess the Video Game by World Map - Statistics

General Stats
  • This quiz has been taken 51 times
  • The average score is 4 of 16
Answer Stats
Picture Answer % Correct
Grand Theft Auto: Vice City
74%
Red Dead Redemption 2
63%
Cyberpunk 2077
54%
The Elder Scrolls III: Morrowind
48%
World of Wacraft
39%
Saints Row: The Third
37%
Super Mario RPG
33%
Postal 2
13%
Death Stranding
11%
Myst
11%
American McGee's Alice
7%
Dune II
4%
Gothic
4%
S.T.A.L.K.E.R.
4%
Sacred
2%
Uplink
0%
No matching quizzes found
Score Distribution
Percent of People with Each Score
Percentile by Number Answered
Your Score History
You have not taken this quiz